| 000 | 00652nam a2200193 i 4500 | ||
|---|---|---|---|
| 001 | 92089 | ||
| 003 | ES-MaACL | ||
| 005 | 20230906180909.0 | ||
| 007 | t| | ||
| 008 | 050221s1963 sp ||||1| spa d | ||
| 100 | 1 |
_aLey, Willy. _972090 |
|
| 245 | 1 | 3 |
_aEl pez pulmonado, el dodó y el unicornio / _cWilly Ley; traducción por José Banfi y Alfredo B. Besio; revisada por el Dr. Alfonso Alvarez Villar. |
| 260 |
_aMadrid : _bEspasa Calpe, _c1963. |
||
| 300 |
_a360 p. : _bil. ; _c23 cm. |
||
| 700 | 1 |
_aBanfi, José. _925193 |
|
| 700 | 1 |
_aBesio, Alfredo B. _928578 |
|
| 700 | 1 |
_aAlvarez Villar, Alfonso. _920998 |
|
| 852 |
_aES-MaACL _jC-25379 _bR.54250 |
||
| 999 |
_c92089 _d92089 |
||